<?xml version="1.0" encoding="UTF-8"?>
<collection xmlns:xsi="http://www.w3.org/2001/XMLSchema-instance" xsi:schemaLocation="http://www.loc.gov/MARC21/slim http://www.loc.gov/standards/marcxml/schema/MARC21slim.xsd" xmlns="http://www.loc.gov/MARC21/slim">
 <record>
  <leader>00000ctm a22000004i 4500</leader>
  <controlfield tag="001">UP-99796217612829656</controlfield>
  <controlfield tag="003">Buklod</controlfield>
  <controlfield tag="005">20230215105418.0</controlfield>
  <controlfield tag="006">m    |o  d |      </controlfield>
  <controlfield tag="007">ta</controlfield>
  <controlfield tag="008">180823s        xx     d     r    |||| u|</controlfield>
  <datafield tag="035" ind1=" " ind2=" ">
   <subfield code="a">(iLib)UPD-00367512308</subfield>
  </datafield>
  <datafield tag="040" ind1=" " ind2=" ">
   <subfield code="a">DENGII</subfield>
   <subfield code="e">rda</subfield>
  </datafield>
  <datafield tag="041" ind1=" " ind2=" ">
   <subfield code="a">eng</subfield>
  </datafield>
  <datafield tag="042" ind1=" " ind2=" ">
   <subfield code="a">DMLUC</subfield>
  </datafield>
  <datafield tag="090" ind1=" " ind2=" ">
   <subfield code="a">LG 995 2018 E63</subfield>
   <subfield code="b">G37</subfield>
  </datafield>
  <datafield tag="100" ind1="1" ind2=" ">
   <subfield code="a">Garcia, Patrick Aylsworth C.</subfield>
   <subfield code="e">author.</subfield>
  </datafield>
  <datafield tag="245" ind1="1" ind2="2">
   <subfield code="a">A simple hinge model for nonlinear performance assessment of reinforced concrete plane frames</subfield>
   <subfield code="c">thesis by Patrick Aylsworth C. Garcia ; Eric Augustus J. Tingatinga, thesis adviser.</subfield>
  </datafield>
  <datafield tag="264" ind1=" " ind2="0">
   <subfield code="a">Quezon City</subfield>
   <subfield code="b">College of Engineering, University of the Philippines Diliman</subfield>
   <subfield code="c">2018.</subfield>
  </datafield>
  <datafield tag="300" ind1=" " ind2=" ">
   <subfield code="a">xvi, 147 leaves</subfield>
   <subfield code="b">color illustrations</subfield>
   <subfield code="c">28 cm</subfield>
  </datafield>
  <datafield tag="336" ind1=" " ind2=" ">
   <subfield code="a">text</subfield>
   <subfield code="2">rdacontent</subfield>
  </datafield>
  <datafield tag="337" ind1=" " ind2=" ">
   <subfield code="a">unmediated</subfield>
   <subfield code="2">rdamedia</subfield>
  </datafield>
  <datafield tag="338" ind1=" " ind2=" ">
   <subfield code="a">volume</subfield>
   <subfield code="2">rdacarrier</subfield>
  </datafield>
  <datafield tag="502" ind1=" " ind2=" ">
   <subfield code="a">Thesis (Master of Science in Civil Engineering)--University of the Philippines Diliman</subfield>
   <subfield code="d">June 2018.</subfield>
  </datafield>
  <datafield tag="506" ind1=" " ind2=" ">
   <subfield code="a">F - no patentable invention or creation, not for personal publication and no confidential information.</subfield>
  </datafield>
  <datafield tag="506" ind1=" " ind2=" ">
   <subfield code="a">Yes - available to the general public.</subfield>
  </datafield>
  <datafield tag="520" ind1="3" ind2=" ">
   <subfield code="a">Earthquakes are considered to be one of the most unpredictable and devastating natural hazards. Under these circumstances, reinforced concrete (RC) structures experience cyclic lateral load in which columns and beams certainly suffer strength degradation of shear and axial load carrying capacity in local areas such as hinging regions. As such, performance-based earthquake engineering (PBEE), i.e. pushover analysis using guidelines from FEMA 356 and ASCE 41, offers good estimate of seismic demands in a structure as it includes nonlinearity effects of the materials used. This study presents a simple hysteretic hinge model that may be used displacement-based analysis of RC plane frames. The proposed hinge model is composed of three zero-length nonlinear springs representing the axial, shear, and flexure behavior of each RC member. Nonlinear parameters of the springs were derived from geometric and material properties of RC members using the sectional analysis in Response-2000 software. Pushover analysis and response to cyclic loading were performed using Open System for Earthquake Engineering Simulation (OpenSees) program and validated by comparing the force displacement response of select forty-three RC columns available in the PEER Structural Performance Database columns and plane frame experiments of Yunfei et al. (1986) and Pampanin et al. (2002) were used to verify the proposed model. Results from these analyses show that proposed model can reasonably replicate nonlinear behavior of columns classified as shear-, shear-flexure-, and flexure-critical as well as response of RC plane frames subjected to cyclic load, therefore, may be used in performance assessment of actual RC structures.</subfield>
  </datafield>
  <datafield tag="650" ind1=" " ind2="0">
   <subfield code="a">Concrete construction</subfield>
   <subfield code="x">Hinges.</subfield>
  </datafield>
  <datafield tag="700" ind1="1" ind2=" ">
   <subfield code="a">Tingatinga, Eric Augustus J.</subfield>
   <subfield code="e">adviser.</subfield>
  </datafield>
  <datafield tag="842" ind1=" " ind2=" ">
   <subfield code="a">Thesis</subfield>
  </datafield>
  <datafield tag="905" ind1=" " ind2=" ">
   <subfield code="a">FI</subfield>
  </datafield>
  <datafield tag="905" ind1=" " ind2=" ">
   <subfield code="a">UP</subfield>
  </datafield>
  <datafield tag="852" ind1="0" ind2=" ">
   <subfield code="a">UPD</subfield>
   <subfield code="b">DENG-II</subfield>
   <subfield code="h">LG 995 2018 E63</subfield>
   <subfield code="i">G37</subfield>
  </datafield>
  <datafield tag="942" ind1=" " ind2=" ">
   <subfield code="a">Thesis</subfield>
  </datafield>
 </record>
</collection>
